000
00316cam a22001217a 4500
008
180718b1979 xxu||||| |||| 00| 0 eng d
082
_a
B19 G346
100
_a
Ghosh, Bimal
245
_a
Profiles of social change
_c
by Bimal Ghosh
260
_a
Delhi
_b
Oxford & IBH
_c
1979
300
_a
198p.
650
_a
Social Change.
999
_c
345342
_d
345342